00628cam a22002171 4500001001300000003000400013005001700017008004100034010001700075035002000092040001700112042001200129050002300141100002200164245005100186260005200237300003500289650004800324752002100372999001700393he 65000179 DLC20260227111428.0831214s1964 is 000 0 heb  ahe 65000179  a(OCoLC)19145488 aDLCcMHdDLC apremarc00aKMK517b.A938 19641 aAllony, Shulamit.10aZekhuyot ha-yeled be-ḥuke medinat Yisraʼel. a[Tel-Aviv] :bTarbut ṿe-ḥinukh,c724 [1964] a298 p. :bill. port. ;c22 cm. 0aChildrenxLegal status, laws, etc.zIsrael. aIsraeldTel Aviv c30885d30885